Statystyki dla POLSKIE LINIE LOTNICZE

Kliknij tutaj aby rozwiązać quiz!

Ogólne statystyki

  • Ten quiz został rozwiązany 79 razy
  • Średni wynik to 3 z 6

Statystyki odpowiedzi

MIEJSCE BIURALINIA% Poprawnych
WARSZAWALOT
98%
WARSZAWAENTER AIR
73%
WARSZAWASPRINT AIR
35%
WROCŁAW KATOWICE KRAKÓW WARSZAWA POZNAŃ GDAŃSKBUZZ AIR
27%
WROCŁAWSKYTAXI
23%
WARSZAWASMARTWINGS POLAND
13%

Rozkład punktacji

Percentyl według liczby udzielonych odpowiedzi

Procent ludzi z każdym wynikiem

Twoja historia wyników

Nie rozwiązałeś tego quizu